MARC details
| 000 -LEADER |
| fixed length control field |
01468nam a2200361 i 4500 |
| 003 - CONTROL NUMBER IDENTIFIER |
| control field |
TR-AnTOB |
| 005 - DATE AND TIME OF LATEST TRANSACTION |
| control field |
20240204140224.0 |
| 007 - PHYSICAL DESCRIPTION FIXED FIELD--GENERAL INFORMATION |
| fixed length control field |
ta |
| 008 - FIXED-LENGTH DATA ELEMENTS--GENERAL INFORMATION |
| fixed length control field |
171111s2022 xxu e mmmm 00| 0 eng d |
| 035 ## - SYSTEM CONTROL NUMBER |
| System control number |
(TR-AnTOB)200459677 |
| 040 ## - CATALOGING SOURCE |
| Original cataloging agency |
TR-AnTOB |
| Language of cataloging |
eng |
| Description conventions |
rda |
| Transcribing agency |
TR-AnTOB |
| 041 0# - LANGUAGE CODE |
| Language code of text/sound track or separate title |
Türkçe |
| 099 ## - LOCAL FREE-TEXT CALL NUMBER (OCLC) |
| Classification number |
TEZ TOBB FBE MAK Ph.D’23 OFL |
| 100 1# - MAIN ENTRY--PERSONAL NAME |
| Personal name |
Oflaz, Emre |
| Relator term |
author |
| 9 (RLIN) |
144839 |
| 245 10 - TITLE STATEMENT |
| Title |
Doğrudan mürekkeple katmanlı imalat yöntemi kullanılarak kompozit malzemelerin üretilmesi ve mekanik özelliklerinin deneysel olarak incelenmesi / |
| Statement of responsibility, etc. |
Emre Oflaz; thesis advisor Teyfik Demir. |
| 246 13 - VARYING FORM OF TITLE |
| Title proper/short title |
Production of composite materials using direct ink writing additive manufacturing method and experimental investigation of their mechanical properties |
| 264 #1 - PRODUCTION, PUBLICATION, DISTRIBUTION, MANUFACTURE, AND COPYRIGHT NOTICE |
| Place of production, publication, distribution, manufacture |
Ankara : |
| Name of producer, publisher, distributor, manufacturer |
TOBB ETÜ Fen Bilimleri Enstitüsü, |
| Date of production, publication, distribution, manufacture, or copyright notice |
2024. |
| 300 ## - PHYSICAL DESCRIPTION |
| Extent |
xxii, 100 pages : |
| Other physical details |
illustrations ; |
| Dimensions |
29 cm |
| 336 ## - CONTENT TYPE |
| Content type term |
text |
| Content type code |
txt |
| Source |
rdacontent |
| 337 ## - MEDIA TYPE |
| Media type term |
unmediated |
| Media type code |
n |
| Source |
rdamedia |
| 338 ## - CARRIER TYPE |
| Carrier type term |
volume |
| Carrier type code |
nc |
| Source |
rdacarrier |
| 502 ## - DISSERTATION NOTE |
| Dissertation note |
Tez (Doktora Tezi)--TOBB ETÜ Fen Bilimleri Enstitüsü Eylül 2023 |
| 653 ## - INDEX TERM--UNCONTROLLED |
| Uncontrolled term |
Doğrudan mürekkep metodu |
|
| Uncontrolled term |
Katmanlı imalat |
|
| Uncontrolled term |
Kompozit |
|
| Uncontrolled term |
Direct ink writing |
|
| Uncontrolled term |
Additive manufacturing |
|
| Uncontrolled term |
Composite |
| 700 1# - ADDED ENTRY--PERSONAL NAME |
| Personal name |
Demir, Teyfik |
| 9 (RLIN) |
46900 |
| Relator term |
advisor |
| 710 ## - ADDED ENTRY--CORPORATE NAME |
| Corporate name or jurisdiction name as entry element |
TOBB Ekonomi ve Teknoloji Üniversitesi. |
| Subordinate unit |
Fen Bilimleri Enstitüsü |
| 9 (RLIN) |
77078 |
| 942 ## - ADDED ENTRY ELEMENTS (KOHA) |
| Koha item type |
Thesis |
| Source of classification or shelving scheme |
Other/Generic Classification Scheme |